The tools of empire technology and European imperialism in the nineteenth century (Record no. 10691)

MARC details
000 -LEADER
fixed length control field 00716nam a2200217Ia 4500
003 - CONTROL NUMBER IDENTIFIER
control field IN-BaIIA
008 - FIXED-LENGTH DATA ELEMENTS--GENERAL INFORMATION
fixed length control field 211028s9999 xx 000 0 eng d
020 ## - INTERNATIONAL STANDARD BOOK NUMBER
International Standard Book Number 0-19-502832-5
040 ## - CATALOGING SOURCE
Transcribing agency IIA Library
080 ## - UNIVERSAL DECIMAL CLASSIFICATION NUMBER
Universal Decimal Classification number 902
Item number HEA
100 ## - MAIN ENTRY--PERSONAL NAME
Personal name Headrick, Daniel R.
9 (RLIN) 18241
245 #4 - TITLE STATEMENT
Title The tools of empire technology and European imperialism in the nineteenth century
Statement of responsibility, etc. Daniel R. Headrick
260 ## - PUBLICATION, DISTRIBUTION, ETC.
Place of publication, distribution, etc. New York
Name of publisher, distributor, etc. Oxford University Press
Date of publication, distribution, etc. 1981
300 ## - PHYSICAL DESCRIPTION
Extent x,221p
650 ## - SUBJECT ADDED ENTRY--TOPICAL TERM
Topical term or geographic name entry element European Imperialism
9 (RLIN) 18242
650 ## - SUBJECT ADDED ENTRY--TOPICAL TERM
Topical term or geographic name entry element History-Imperialism
9 (RLIN) 18243
650 ## - SUBJECT ADDED ENTRY--TOPICAL TERM
Topical term or geographic name entry element Imperialism History
9 (RLIN) 18244
650 ## - SUBJECT ADDED ENTRY--TOPICAL TERM
Topical term or geographic name entry element NASA Thesaurus
650 ## - SUBJECT ADDED ENTRY--TOPICAL TERM
Topical term or geographic name entry element Nineteenth Century
9 (RLIN) 18245
942 ## - ADDED ENTRY ELEMENTS (KOHA)
Koha item type Books
Holdings
Withdrawn status Lost status Damaged status Not for loan Home library Current library Shelving location Date acquired Total Checkouts Full call number Barcode Date last seen Price effective from Koha item type
        IIA Library-Bangalore IIA Library-Bangalore General Stacks 22/07/1993   902/ HEA 11602 05/11/2021 22/07/1993 Books

Powered by Koha